000 00662nam a22002057a 4500
003 OSt
005 20260126052217.0
008 260126b |||||||| |||| 00| 0 eng d
020 _a0393972224
040 _aDWCL-Admin lib
_cOC
082 _aCirc. 808 N821 1998
100 _aBeaty, Jerome
245 _aThe Norton introduction to literature /
_cJerome Beaty
260 _a New York:
_bW.W. Norton & Co.,
_cc1998.
300 _axxx, 1,708 pages ;
_c24 cm.
504 _aIncludes bibliographical references and index.
650 _a1. Literature - Collections.
700 _aPaul, Hunter J.
942 _2ddc
_cBK-CIRC
_eShorter seventh edition.
_iCirc.
_n0
999 _c7794
_d7794